[Event "Vaxjo op"]
[Site "Vaxjo"]
[Date "2015.02.13"]
[Round "3"]
[White "Polovnikova, Margo"]
[Black "Wetterling, Ywonne"]
[Result "1-0"]
[WhiteElo "1504"]
[BlackElo "1368"]
[PlyCount "43"]
[EventDate "2015.02.13"]
[EventType "swiss"]
[EventRounds "8"]
[EventCountry "SWE"]
[SourceTitle "CBM 164 Extra"]
[Source "ChessBase"]
[SourceDate "2015.03.02"]
[SourceVersion "1"]
[SourceVersionDate "2015.03.02"]
[SourceQuality "1"]

1. e4 e6 2. d4 d5 3. Nc3 Bb4 4. e5 c5 5. a3 Bxc3+ 6. bxc3 c4 7. Qg4 Kf8 8. Nf3 Nd7 9. Be2 h6 10. 0-0 Ne7 11. Ne1 Qe8 12. f4 Nf5 13. Nf3 h5 14. Qh3 Kg8 15. Nh4 Nxh4 16. Qxh4 f6 17. Rf3 f5 18. Rh3 g6 19. Qg5 Qf7 20. Bxh5 Kg7 21. Bxg6 Qxg6 22. Qxg6+ 1-0